| 000 | 00734nam a22001815i 4500 | ||
|---|---|---|---|
| 001 | 154718 | ||
| 003 | ES-MaACL | ||
| 005 | 20230908182027.0 | ||
| 008 | 040708s1885 sp |||| | spa d | ||
| 040 |
_aCAM _bspa _cCAM |
||
| 100 | 1 |
_aGracia y Parejo, Rafael de. _9127515 |
|
| 245 | 1 | 0 |
_aCuestiones de derecho mercantil _b: exposicion de los temas para las oposiciones á la judicatura / _cpor Rafael de Gracia y Parejo y Lorenzo Benito. |
| 260 |
_aMadrid : _bGóngora editores, _c1885. |
||
| 300 |
_a242 p. ; _c22 cm. |
||
| 700 | 1 | 1 |
_aBenito y Endara, Lorenzo, _d1855-1932 _927698 |
| 852 |
_aES-MaACL _jG-15547 _z-- Enc. pasta española _z-- Dedicatoria ms. de los autores al Ateneo de Madrid |
||
| 999 |
_c154718 _d154718 |
||